| 000 | 01068cam a2200265 a 4500 | ||
|---|---|---|---|
| 001 | 000006911 | ||
| 005 | 20200929154022.0 | ||
| 008 | 880415s1986 sp ac f001 0 spa d | ||
| 020 | _a8450544661 | ||
| 040 |
_aDO-SdBNP _cDLC _dDLC _dBNPHU |
||
| 043 | _aa-jo--- | ||
| 082 |
_a930.10283 _bO42e |
||
| 100 | 1 |
_aOlavarri Goicoechea, Emilio, _919158 |
|
| 245 | 1 | 0 |
_aExcavaciones en el ágora de Gerasa en 1983 / _cEmilio Olavarri Goicoechea. |
| 260 |
_aMadrid : _bMinisterio de Cultura, Dirección General de Bellas Artes y Archivos, Subdirección General de Arqueología y Etnografía, _c1986. |
||
| 300 |
_a83 p., [5] hojas plegadas : _bil., retrs. ; _c30 cm. |
||
| 500 | _aTítulo añadido: Hafriyat athariyah fi Jarash. | ||
| 500 | _aContiene Sumario en Árabe e Inglés | ||
| 504 | _aIncluye bibliografía y notas al pie de las páginas | ||
| 650 | 4 |
_aExcavaciones arqueológicas _zItalia _zGreasa _919159 |
|
| 650 | 4 |
_aExcavaciones arqueológicas _xJordania _919160 |
|
| 740 | 0 | _aHafriyat athariyah fi Jarash. | |
| 910 | _aCatalogación derivada | ||
| 049 | _aBNGR | ||
| 999 |
_c6696 _d6696 |
||